| 000 | 02297cam a22003854a 4500 | ||
|---|---|---|---|
| 001 | 14593162 | ||
| 003 | PILC | ||
| 005 | 20150908092045.0 | ||
| 008 | 061012s2007 paua bf 001 0 eng | ||
| 010 | _a 2006034049 | ||
| 020 | _a9780803615830 | ||
| 020 | _a0803615833 | ||
| 035 | _a(OCoLC)ocm73502570 | ||
| 035 | _a(OCoLC)73502570 | ||
| 040 |
_aDNLM/DLC _cDLC _dBAKER _dC#P _dYDXCP _dBTCTA _dDLC |
||
| 042 | _apcc | ||
| 050 | 0 | 0 |
_aRT 48 _b.B352 2007 |
| 100 | 1 | _aBautista, Joy N. | |
| 245 | 1 | 0 |
_aNursing health assessment : _bclinical pocket guide / _cPatricia M. Dillon. |
| 260 |
_aMalabon : _bGiuani Prints House, _c2007. |
||
| 300 |
_a318 pages : _billustrations ; _c21 cm. |
||
| 500 | _aIncludes index. | ||
| 505 | 0 | _aThe complete health assessment -- Assessing the integumentary system -- Assessing the head, face, and neck -- Assessing the eyes and ears -- Assessing the respiratory system -- Assessing the cardiovascular system -- Assessing the peripheral-vascular and lymphatic systems -- Assessing the breasts -- Assessing the abdomen -- Assessing the female genitourinary system -- Assessing the male genitourinary system -- Assessing the motor-musculoskeletal system -- Assessing the sensory-neurological system -- Assessing the mother-to-be -- Assessing the newborn and infant -- Assessing the toddler and preschooler -- Assessing the school-age child and adolescent -- Assessing the older adult -- Assessing the homeless person -- Assessing pain -- Approach to the mental health assessment -- Assessing nutrition -- Assessing spirituality -- Assessing culture -- Assessing the patient's environment -- Assessing abuse. | |
| 650 | 0 |
_aNursing assessment _vHandbooks, manuals, etc. |
|
| 650 | 2 |
_aNursing Assessment _vCase Reports. |
|
| 650 | 2 |
_aNursing Assessment _vHandbooks. |
|
| 650 | 2 |
_aMedical History Taking _xmethods _vCase Reports. |
|
| 650 | 2 |
_aMedical History Taking _xmethods _vHandbooks. |
|
| 650 | 2 |
_aPhysical Examination _xmethods _vCase Reports. |
|
| 650 | 2 |
_aPhysical Examination _xmethods _vHandbooks. |
|
| 856 | 4 | 1 |
_3Table of contents only _uhttp://www.loc.gov/catdir/toc/ecip072/2006034049.html |
| 906 |
_a7 _bcbc _corignew _d1 _eecip _f20 _gy-gencatlg |
||
| 942 |
_2lcc _cBK |
||
| 999 |
_c288645 _d288645 |
||